[Event "38. Abierto Ciudad de Sevilla"]
[Site "Sevilla ESP"]
[Date "2013.01.19"]
[Round "9.10"]
[White "Montero Melendez, Rafael"]
[Black "Piscopo, Pierluigi"]
[Result "1-0"]
[WhiteElo "2316"]
[BlackElo "2407"]
[PlyCount "123"]
[EventDate "2013.01.11"]
[EventType "swiss"]
[EventRounds "9"]
[EventCountry "ESP"]
[Source "lmi"]
[SourceDate "2013.01.11"]

1. Nf3 c5 2. c4 Nc6 3. g3 e5 4. Nc3 g6 5. Bg2 Bg7 6. O-O d6 7. a3 a5 8. Ne1 Be6
9. d3 Nge7 10. Nc2 d5 11. cxd5 Nxd5 12. Ne3 Nde7 13. Qa4 O-O 14. Nc4 Rb8 15.
Bg5 Nd4 16. Qxa5 b6 17. Bxe7 Qxe7 18. Nxb6 Nb3 19. Nbd5 Bxd5 20. Nxd5 Qd6 21.
Qe1 Nxa1 22. Qxa1 e4 23. Bxe4 Rxb2 24. Qd1 Bd4 25. e3 Bg7 26. Qa4 Rfb8 27. Rc1
Ra2 28. Qa7 Bf8 29. Nc3 Rab2 30. Bd5 Qe7 31. Qxe7 Bxe7 32. a4 Bf6 33. Ne4 Rb1
34. Nxf6+ Kg7 35. Nh5+ gxh5 36. Rxb1 Rxb1+ 37. Kg2 Rb4 38. Bc6 c4 39. dxc4 Rxc4
40. Bb5 Rb4 41. h4 Kf6 42. Kf3 Ke5 43. Be8 Rb8 44. Bc6 Rb1 45. Bb5 Rd1 46. Ke2
Rd8 47. a5 Kd5 48. a6 Kc5 49. Bd3 h6 50. Be4 Kb6 51. Bb7 Rd6 52. f4 Rg6 53. Kf3
Rd6 54. g4 hxg4+ 55. Kxg4 Rd3 56. e4 Ra3 57. Kf5 Rh3 58. Kf6 Rxh4 59. f5 Rf4
60. Kxf7 h5 61. f6 h4 62. e5 1-0

[Event "38. Abierto Ciudad de Sevilla"]
[Site "Sevilla ESP"]
[Date "2013.01.19"]
[Round "9.11"]
[White "Alvarez Fernandez, Enrique"]
[Black "Ibarra Jerez, Jose Carlos"]
[Result "0-1"]
[WhiteElo "2350"]
[BlackElo "2538"]
[PlyCount "104"]
[EventDate "2013.01.11"]
[EventType "swiss"]
[EventRounds "9"]
[EventCountry "ESP"]
[Source "lmi"]
[SourceDate "2013.01.11"]

1. d4 d6 2. Nf3 g6 3. e4 Nf6 4. Nc3 Bg7 5. h3 c6 6. Be3 O-O 7. Qd2 b5 8. a3 Qc7
9. Bh6 Nbd7 10. Bxg7 Kxg7 11. g3 Bb7 12. Bg2 a5 13. O-O b4 14. axb4 axb4 15.
Na4 c5 16. e5 dxe5 17. dxc5 Bxf3 18. Bxf3 e4 19. Bg2 Nxc5 20. Qxb4 Nxa4 21.
Rxa4 Qxc2 22. Rxa8 Rxa8 23. Re1 Ra2 24. Bxe4 Qxb2 25. Qxb2 Rxb2 26. Bf3 e6 27.
Ra1 Nd7 28. Re1 Nc5 29. Re2 Rb1+ 30. Kg2 Rc1 31. Rd2 Kf6 32. Ba8 Rc3 33. Bf3
Ke7 34. Be2 h6 35. Bb5 Ne4 36. Rb2 Nd6 37. Be2 e5 38. Bd1 e4 39. h4 Ke6 40. Rc2
Rxc2 41. Bxc2 Ke5 42. Kf1 f5 43. Ke2 f4 44. Ba4 Nf5 45. gxf4+ Kxf4 46. h5 g5
47. Be8 Nd4+ 48. Kf1 e3 49. fxe3+ Kxe3 50. Kg2 Kf4 51. Bd7 g4 52. Be8 Nf5 0-1

[Event "38. Abierto Ciudad de Sevilla"]
[Site "Sevilla ESP"]
[Date "2013.01.19"]
[Round "9.12"]
[White "Barrenechea Bahamonde, Gustavo"]
[Black "Khamrakulov, Ibragim S"]
[Result "0-1"]
[WhiteElo "2211"]
[BlackElo "2509"]
[PlyCount "50"]
[EventDate "2013.01.11"]
[EventType "swiss"]
[EventRounds "9"]
[EventCountry "ESP"]
[Source "lmi"]
[SourceDate "2013.01.11"]

1. e4 c5 2. Nf3 a6 3. c4 Nc6 4. d4 cxd4 5. Nxd4 e6 6. Nc3 Bc5 7. Nb3 Bb4 8. Be3
Nf6 9. Qc2 Ng4 10. Bd2 Qb6 11. Nd1 a5 12. c5 Qc7 13. h3 Nf6 14. Bc3 O-O 15. Be2
Bxc3+ 16. bxc3 Qe5 17. O-O a4 18. Nd2 Qxc5 19. Ne3 d5 20. exd5 exd5 21. Rab1
Re8 22. Bd3 Qd6 23. Rfd1 Qf4 24. Bb5 d4 25. Nec4 Bf5 0-1

[Event "38. Abierto Ciudad de Sevilla"]
[Site "Sevilla ESP"]
[Date "2013.01.19"]
[Round "9.13"]
[White "Perez Mitjans, Orelvis"]
[Black "Aranaz Murillo, Amalia"]
[Result "1-0"]
[WhiteElo "2496"]
[BlackElo "2251"]
[PlyCount "71"]
[EventDate "2013.01.11"]
[EventType "swiss"]
[EventRounds "9"]
[EventCountry "ESP"]
[Source "lmi"]
[SourceDate "2013.01.11"]

1. e4 e6 2. d4 d5 3. e5 c5 4. c3 Qb6 5. Nf3 Nc6 6. Bd3 cxd4 7. cxd4 Bd7 8. Nc3
Nxd4 9. Nxd4 Qxd4 10. O-O a6 11. Qf3 Ne7 12. Rd1 Qa7 13. Be3 Qb8 14. Bf4 Bc6
15. Qh3 g6 16. Ne2 Bg7 17. Qe3 Bd7 18. Nd4 Nc6 19. Nf3 O-O 20. h4 Qa7 21. Qd2
f6 22. exf6 Rxf6 23. Be2 e5 24. Bg3 Be6 25. Rac1 Raf8 26. Kh1 e4 27. Ng5 Bh6
28. Qe3 Qa8 29. Qb6 Nd8 30. Bd6 Bxg5 31. hxg5 Rxf2 32. Bxf8 Rxf8 33. Rc7 Bf7
34. Rf1 Qb8 35. Bg4 Nc6 36. Rfxf7 1-0

[Event "38. Abierto Ciudad de Sevilla"]
[Site "Sevilla ESP"]
[Date "2013.01.19"]
[Round "9.14"]
[White "Das, Arghyadip"]
[Black "Lopez Rodriguez, Fernando"]
[Result "1-0"]
[WhiteElo "2466"]
[BlackElo "2065"]
[PlyCount "77"]
[EventDate "2013.01.11"]
[EventType "swiss"]
[EventRounds "9"]
[EventCountry "ESP"]
[Source "lmi"]
[SourceDate "2013.01.11"]

1. e4 e6 2. d4 d5 3. Nd2 c5 4. Ngf3 Nc6 5. exd5 exd5 6. Bb5 Nf6 7. O-O Be7 8.
dxc5 O-O 9. Nb3 Ne4 10. h3 Nxc5 11. Be3 Ne4 12. c3 a6 13. Bd3 f5 14. Qc2 Qe8
15. Rad1 f4 16. Bd4 Qg6 17. Kh2 Bf5 18. Be5 Qh5 19. Nbd4 Nxe5 20. Nxe5 Bxh3 21.
gxh3 Qxe5 22. f3 Ng5 23. h4 Nf7 24. Bxh7+ Kh8 25. Nf5 Bxh4 26. Rh1 Bg5 27. Kg1
Nh6 28. Rh5 Nxf5 29. Bxf5+ Bh6 30. Bg4 Qe3+ 31. Kh1 Rad8 32. Qg6 Qe7 33. Bf5
Rxf5 34. Qxf5 Qe2 35. Qd3 Qxb2 36. Re1 Qf2 37. Re6 Qg3 38. Rexh6+ gxh6 39.
Rxh6+ 1-0

[Event "38. Abierto Ciudad de Sevilla"]
[Site "Sevilla ESP"]
[Date "2013.01.19"]
[Round "9.15"]
[White "Mellado Trivino, Juan"]
[Black "Gutierrez Jimenez, Juan Manuel"]
[Result "1-0"]
[WhiteElo "2436"]
[BlackElo "2296"]
[PlyCount "111"]
[EventDate "2013.01.11"]
[EventType "swiss"]
[EventRounds "9"]
[EventCountry "ESP"]
[Source "lmi"]
[SourceDate "2013.01.11"]

1. e4 d6 2. d4 Nf6 3. Nc3 g6 4. Bg5 Bg7 5. e5 dxe5 6. dxe5 Ng4 7. Qxd8+ Kxd8 8.
Rd1+ Bd7 9. e6 fxe6 10. Bc4 Ke8 11. Nf3 Nc6 12. Nb5 Rc8 13. O-O Nce5 14. Rxd7
Kxd7 15. Rd1+ Ke8 16. Bxe6 Rb8 17. Nxe5 Nxe5 18. Nxc7+ Kf8 19. Bb3 Rc8 20. f4
Nc6 21. Ne6+ Kf7 22. Nc7+ Kf8 23. Ne6+ Kf7 24. Rd7 Bxb2 25. Rxb7 Rb8 26. Nc7+
Kg7 27. Ne6+ Kf7 28. Rc7 Rhc8 29. Rxc6 Rxc6 30. Nd8+ Ke8 31. Nxc6 Rb7 32. Kf2
Rd7 33. Ne5 Rd2+ 34. Kf3 Bd4 35. Ba4+ Kf8 36. Bh6+ Kg8 37. Bb3+ Kh8 38. Nf7+
Kg8 39. Ng5+ Kh8 40. Ne4 Rd1 41. h4 Re1 42. Ng5 Re3+ 43. Kg4 Bg7 44. Nf7+ Kg8
45. Ne5+ Kh8 46. Bxg7+ Kxg7 47. g3 Rc3 48. a4 h5+ 49. Kh3 Kf6 50. Nd3 Kf5 51.
Nf2 Rf3 52. Kg2 Re3 53. Bc4 e5 54. Bd3+ Kf6 55. Ne4+ Ke6 56. Kf2 1-0

[Event "38. Abierto Ciudad de Sevilla"]
[Site "Sevilla ESP"]
[Date "2013.01.19"]
[Round "9.17"]
[White "Estremera Panos, Sergio"]
[Black "Komljenovic, Davorin"]
[Result "1-0"]
[WhiteElo "2367"]
[BlackElo "2393"]
[PlyCount "63"]
[EventDate "2013.01.11"]
[EventType "swiss"]
[EventRounds "9"]
[EventCountry "ESP"]
[Source "lmi"]
[SourceDate "2013.01.11"]

1. d4 Nf6 2. c4 e6 3. Nc3 Bb4 4. e3 d5 5. Bd3 O-O 6. Nf3 b6 7. O-O Bb7 8. cxd5
exd5 9. Ne5 Nbd7 10. f4 Ne4 11. Nxe4 dxe4 12. Bc4 a5 13. Qb3 Qe7 14. a3 Bd6 15.
Bd2 a4 16. Qc2 c5 17. Bb5 Nf6 18. Bxa4 cxd4 19. exd4 Rfc8 20. Qd1 Nd5 21. Bb3
f6 22. Qe2 Kh8 23. Qxe4 Nxf4 24. Qxf4 fxe5 25. Qg4 Rf8 26. Bg5 Qc7 27. Rac1
Rxf1+ 28. Rxf1 Qc6 29. Rf7 Rf8 30. Rxg7 Kxg7 31. Be7+ Kh8 32. Bf6+ 1-0

[Event "38. Abierto Ciudad de Sevilla"]
[Site "Sevilla ESP"]
[Date "2013.01.19"]
[Round "9.18"]
[White "Gutierrez Valero, Mario"]
[Black "Herraiz Hidalgo, Herminio"]
[Result "0-1"]
[WhiteElo "2131"]
[BlackElo "2488"]
[PlyCount "32"]
[EventDate "2013.01.11"]
[EventType "swiss"]
[EventRounds "9"]
[EventCountry "ESP"]
[Source "lmi"]
[SourceDate "2013.01.11"]

1. d4 Nf6 2. c4 g6 3. Nc3 Bg7 4. e4 O-O 5. Bg5 d6 6. h3 c5 7. d5 e6 8. Nf3 exd5
9. cxd5 Re8 10. Nd2 Nxe4 11. Ncxe4 Qxg5 12. Be2 Qxg2 13. Bf3 Qg5 14. Kf1 Qf4
15. Qb3 f5 16. Qa4 Kf8 0-1

[Event "38. Abierto Ciudad de Sevilla"]
[Site "Sevilla ESP"]
[Date "2013.01.19"]
[Round "9.19"]
[White "Garcia Jimenez, Francisco Javi"]
[Black "Santos Ruiz, Miguel"]
[Result "1/2-1/2"]
[WhiteElo "2278"]
[BlackElo "2078"]
[PlyCount "50"]
[EventDate "2013.01.11"]
[EventType "swiss"]
[EventRounds "9"]
[EventCountry "ESP"]
[Source "lmi"]
[SourceDate "2013.01.11"]

1. e4 e6 2. e5 d6 3. exd6 cxd6 4. g3 Nf6 5. Bg2 Be7 6. d4 Nc6 7. Nf3 Qc7 8. O-O
O-O 9. Nc3 Bd7 10. Re1 Na5 11. Bg5 Rac8 12. Bxf6 Bxf6 13. Ne4 Be7 14. c3 d5 15.
Ned2 b5 16. b4 Nc4 17. Nxc4 Qxc4 18. Ne5 Qc7 19. Rc1 a5 20. a3 Ra8 21. Nd3 axb4
22. cxb4 Qd6 23. Rc3 Ra7 24. Re3 Bf6 25. Nc5 Rfa8 1/2-1/2

[Event "38. Abierto Ciudad de Sevilla"]
[Site "Sevilla ESP"]
[Date "2013.01.19"]
[Round "9.30"]
[White "Blanco Acevedo, Cristobal"]
[Black "Jimenez Aguilar, Jose Antonio"]
[Result "1-0"]
[WhiteElo "2347"]
[BlackElo "1993"]
[PlyCount "61"]
[EventDate "2013.01.11"]
[EventType "swiss"]
[EventRounds "9"]
[EventCountry "ESP"]
[Source "lmi"]
[SourceDate "2013.01.11"]

1. e4 e5 2. Nf3 Nc6 3. Bb5 a6 4. Ba4 Nf6 5. Nc3 Be7 6. O-O b5 7. Bb3 d6 8. a4
b4 9. Nd5 Be6 10. d4 Bxd5 11. exd5 Nxd4 12. Nxd4 exd4 13. Qxd4 a5 14. Bd2 O-O
15. c3 bxc3 16. Bxc3 Ne8 17. Qd2 Qb8 18. Bc2 Qb6 19. Rfe1 Bd8 20. Ra3 g6 21.
Rb3 Qa6 22. Rb5 Qc8 23. h3 Rb8 24. Rxa5 c6 25. Ra7 c5 26. Rxe8 Rxe8 27. Qh6 Re5
28. f4 Bf6 29. fxe5 dxe5 30. Qe3 c4 31. Qf2 1-0